| 000 | 00699nam a2200205 a 4500 | ||
|---|---|---|---|
| 001 | 1635 | ||
| 005 | 20140414132146.0 | ||
| 008 | 010529s19uu xx 00 eng d | ||
| 020 | _a0-89565-225-0 | ||
| 050 |
_aM 179.9 _bG14 1982 |
||
| 100 | _aGambill, Henrietta | ||
| 245 |
_aSelf-control / _cby Henrietta Gambill ; illustrated by Kathryn Hutton. |
||
| 260 |
_aMankatao, MN : _bThe Child's World, _c1982. |
||
| 300 | _a30 p. ; col. ill. ; cm. | ||
| 440 | _aValues to live by | ||
| 520 | _aOffers advice for young children on how to use self-control in their lives. | ||
| 650 |
_aSelf-control _xMoral and ethical aspects _xJuvenile literature. |
||
| 650 | _aConduct of life. | ||
| 999 |
_c115440 _d115440 |
||